000 00618nam a2200241Ia 4500
003 OSt
005 20220918175104.0
006 a|||||r|||| 00| 0
007 ta
008 220917b |||||||| |||| 00| 0 eng d
024 _a15,654
037 _cTextual
040 _aARTS
_cARTS
_beng
041 _2eng
_aeng
082 _aO:xN3, J2
100 _aBogorad Samuel N.
_952866
245 0 _aCollege miscellany
260 _c1952
650 _aENGLISH LITERATURE
700 _a Trevithick Jack
_952867
942 _hO:xN3, J2
_cTEXL
_2CC
999 _c156051
_d156051